000 00491nam a2200181Ia 4500
003 GCL
008 140319s9999 xx 000 0 ara d
040 _aGCL /
_cGCL
082 0 4 _a276.45
_bا ش
100 1 _aابراهيم سعيد
245 1 0 _aشرح بشارة يوحنا /
_cابراهيم سعيد
260 _a[S.N] :
_bدار الثقافة العربية
300 _a860 ص
490 _a
650 0 4 _aالعهد الجديد
650 0 4 _aالمسيح
942 _2ddc
_cBK
999 _c52616
_d52616